Statistics for Movie Titles by Synonyms #3

Click here to take the quiz!

General Stats

  • This quiz has been taken 27,969 times
  • The average score is 12 of 20

Answer Stats

SynonymsMovie Title% Correct
The Starvation ContestsThe Hunger Games
93%
The Swift and the LividThe Fast and the Furious
87%
Adolescent Freakish Assassin
Tortoises
Teenage Mutant Ninja
Turtles
85%
The Emerald KilometerThe Green Mile
78%
A Few Appreciate it WarmSome Like it Hot
74%
Dame and the HoboLady and the Tramp
70%
We Purchased a MenagerieWe Bought a Zoo
62%
The Fuchsia JaguarThe Pink Panther
62%
A Trolley Called LustA Streetcar Named Desire
59%
Apparition ApprehendersGhostbusters
58%
TheodoreTed
58%
Terrible SupervisorsHorrible Bosses
57%
Near Meetings
of the Tertiary Type
Close Encounters of
the Third Kind
57%
The Lupine of Barrier AvenueThe Wolf of Wall Street
52%
Ebony CygnetBlack Swan
45%
Unmarried Caucasian WomanSingle White Female
44%
The Au Pair JournalsThe Nanny Diaries
36%
Bullion DigitGoldfinger
31%
IndianansHoosiers
23%
Tomb of the Lightning BugsGrave of the Fireflies
19%

Score Distribution

Percentile by Number Answered

Percent of People with Each Score

Your Score History

You have not taken this quiz